Click the Eminem Song Title Ending - Statistics

General Stats
  • This quiz has been taken 260 times
  • The average score is 17 of 25
Answer Stats
Hint Answer % Correct
Love The Way You Lie
97%
Rap God
94%
Lose Yourself
94%
Till I Collapse
90%
Crazy In Love
85%
Without Me
85%
Not Afraid
82%
Crack A Bottle
82%
Bad Meets Evil
79%
Under The Influence
78%
Hailie's Song
76%
Shake That
71%
Never Enough
66%
Kill You
62%
Almost Famous
59%
Rock Bottom
57%
Square Dance
55%
Must Be The Ganja
55%
Bump Heads
54%
Cinderella Man
52%
Good Guy
50%
Beautiful Pain
47%
Drug Ballad
46%
My Fault
46%
Evil Deeds
42%
No matching quizzes found
Score Distribution
Percent of People with Each Score
Percentile by Number Answered
Your Score History
You have not taken this quiz